La organización agraria en Inglaterra / (Record no. 85339)
[ view plain ]
| 000 -LEADER | |
|---|---|
| campo de control de longitud fija | 00651nam a2200193 i 4500 |
| 001 - NÚMERO DE CONTROL | |
| campo de control | 85339 |
| 003 - IDENTIFICADOR DE NÚMERO DE CONTROL | |
| campo de control | ES-MaACL |
| 005 - FECHA Y HORA DE LA ÚLTIMA TRANSACCIÓN | |
| campo de control | 20250810063030.0 |
| 007 - CAMPO FIJO DE DESCRIPCIÓN FÍSICA--INFORMACIÓN GENERAL | |
| campo de control de longitud fija | t| |
| 008 - DATOS DE LONGITUD FIJA--INFORMACIÓN GENERAL | |
| campo de control de longitud fija | 041126s1914 sp ||||1| spa d |
| 100 1# - ENTRADA PRINCIPAL--NOMBRE DE PERSONA | |
| Nombre de persona | Jordana de Pozas, Luis, |
| Fechas asociadas al nombre | 1890-1983 |
| 9 (RLIN) | 66931 |
| 245 13 - MENCIÓN DEL TÍTULO | |
| Título | La organización agraria en Inglaterra / |
| Mención de responsabilidad, etc. | por Luis Jordana de Pozas. |
| 260 ## - PUBLICACIÓN, DISTRIBUCIÓN, ETC. | |
| Lugar de publicación, distribución, etc. | Zaragoza : |
| Nombre del editor, distribuidor, etc. | [s.n.], |
| Fecha de publicación, distribución, etc. | 1914 ( |
| Fabricante | G. Casañal) |
| 300 ## - DESCRIPCIÓN FÍSICA | |
| Extensión | 4, 4, 4, 4, 4 p. ; |
| Dimensiones | 23 cm. |
| 500 ## - NOTA GENERAL | |
| Nota general | Comprende las: "Hojas divulgadoras" nºs, 151, 155, 156, 192. |
| 651 #4 - PUNTO DE ACCESO ADICIONAL DE MATERIA--NOMBRE GEOGRÁFICO | |
| Nombre geográfico | Inglaterra- |
| Subdivisión general | Política agraria. |
| 9 (RLIN) | 139432 |
| 852 ## - LOCALIZACIÓN | |
| Ubicación | ES-MaACL |
| Número de control de estantería | T-1411-F-1 |
| Estatus retirado | Estado de pérdida | Estado de daño | No para préstamo | Colección | Biblioteca de origen | Biblioteca actual | Ubicación en estantería | Fecha de adquisición | Fuente de adquisición | Total de préstamos | Signatura topográfica completa | Código de barras | Visto por última vez | Precio de reemplazo | Tipo de ítem Koha |
|---|---|---|---|---|---|---|---|---|---|---|---|---|---|---|---|
| Colección de folletos | Biblioteca del Ateneo de Madrid | Biblioteca del Ateneo de Madrid | Depósito folletos | 17/01/2008 | T-1411-F-1 | 1089178 | 23/02/2023 | 23/02/2023 | Folleto |
